Roblox Sharkbite sharks Quiz (As of Dec 2025) - Statistics

General Stats
  • This quiz has been taken 3 times
  • The average score is 4 of 8
Answer Stats
Answer % Correct
Megalodon
100%
Shortfin Mako
100%
Great White
67%
Bull Shark
33%
Goblin Shark
33%
Great Hammerhead
33%
Killer Whale Orca
33%
Mosasaurus
33%
No matching quizzes found
Score Distribution
Percent of People with Each Score
Percentile by Number Answered
Your Score History
You have not taken this quiz